000 00545nam a22001697a 4500
005 20251108164910.0
008 250721s1993 xx 000 0 ara d
082 1 4 _a646.72/تصف
100 1 _aرستم، علي
_eجامع
245 1 0 _aتصفيف الشعر في المنزل :
_bدليل الخطوة خطوة لشعر رائع المنظر /
264 1 _aدمشق :
_bدار المعرفة،
_c1993.
300 _a176ص
650 1 7 _aالشعر (حيوان)
650 1 7 _aالمظهر الشخصي
942 _2ddc
_cBK
999 _c16990
_d16990